000 01290nam0a22002771 4500
001 v19\rc\1561153
005 20250618190853.0
035 _a(NLR Aleph) 004673961
090 _a3716056
_c3716056
100 _a20060620e18911891|||y0rusy50 ca
101 0 _arus
102 _aRU
105 _ay z |||||
200 1 _aО генераторах быстрого парообразования и о вапоризаторе системы Константинова
_fСообщ. Н.Н. Константинова во II Отд.
210 _aСанкт-Петербург
_cтип. бр. Пантелеевых
_d[1891]
215 _a18 с.
_d24
309 _aБез тит. л.
311 _aОтт. из: Записки Рус. техн. о-ва. 1891, вып. 11, с. 1-17
488 0 _12001#$aЗаписки Русского технического общества$v1891, вып. 11
_1215##$aС. 1-17
_tЗаписки Русского технического общества
700 1 _4070
_7ca
_8rus
_aКонстантинов
_bН. Н.
_cштабс-капитан
_gНиколай Николаевич
_92642112
_3RU\NLR\AUTH\770272229
801 0 _aRU
_bNLR
_gpsbo
801 1 _aRU
_bProSoft-M
_2rusmarc
852 _aNLR
_j18.295.1.294
942 _cBOOK
980 _aNB